Oceanian Counties by 3 Letter Abbreviations - Statistics

General Stats
  • This quiz has been taken 36 times
    26 since last reset
  • The average score is 11 of 14
Answer Stats
Abbreviation Country % Correct
AUS Australia
100%
FJI Fiji
94%
NZL New Zealand
83%
MHL Marshall Islands
78%
TUV Tuvalu
78%
FSM Federated States of Micronesia
72%
KIR Kiribati
72%
NRU Nauru
72%
TON Tonga
72%
PLW Palau
67%
WSM Samoa
67%
SLB Solomon Islands
67%
VUT Vanuatu
67%
PNG Papua New Guinea
61%
No matching quizzes found
Score Distribution
Percent of People with Each Score
Percentile by Number Answered
Your Score History
You have not taken this quiz since the last reset